[Event "Preinscritos IRT Online"]
[Site "Chess.com INT"]
[Date "2020.12.26"]
[Round "5"]
[White "Romero Bedon, David Andres"]
[Black "Salvador, Luis"]
[Result "1-0"]
[WhiteElo "1048"]
[BlackElo "1699"]
[PlyCount "71"]
[EventDate "2020.12.26"]
[EventType "swiss"]
[EventRounds "11"]
[EventCountry "ECU"]
[SourceTitle "CBM 200 Extra"]
[Source "ChessBase"]
[SourceDate "2021.03.31"]
[SourceVersion "1"]
[SourceVersionDate "2021.03.31"]
[SourceQuality "1"]

1. e4 g6 2. d4 Bg7 3. c3 c6 4. Be3 d6 5. Qd2 Nf6 6. f3 0-0 7. c4 a6 8. Nc3 Bd7 9. g4 e5 10. d5 cxd5 11. cxd5 b5 12. h4 b4 13. Nce2 Bb5 14. Ng3 Bxf1 15. Kxf1 a5 16. h5 Qc8 17. Bh6 Qc4+ 18. N1e2 Nbd7 19. Bxg7 Kxg7 20. hxg6 fxg6 21. Qh6+ Kf7 22. Rc1 Qd3 23. Kf2 Rg8 24. Rhd1 Qb5 25. f4 exf4 26. Qxf4 Rac8 27. g5 Rxc1 28. Rxc1 Qb6+ 29. Kf1 b3 30. axb3 Rb8 31. gxf6 Nxf6 32. Rc3 Rd8 33. Rf3 Qxb3 34. Qxf6+ Kg8 35. Qxd8+ Kg7 36. Qf8# 1-0